[Event "6th Open Vins du Mer"]
[Site "Naujac sur Mer FRA"]
[Date "2003.06.30"]
[Round "3"]
[White "Trabert,B"]
[Black "Capron,D"]
[Result "1-0"]
[WhiteElo "2292"]
[BlackElo "2181"]

1.e4 d6 2.d4 Nf6 3.Nc3 Nbd7 4.Nf3 e5 5.a4 Be7 6.Bc4 c6 7.O-O h6 8.Ba2 Qc7
9.Re1 g5 10.Qd3 Nf8 11.Qc4 Bd8 12.dxe5 dxe5 13.Be3 Ng6 14.Bc5 Be6 15.Qd3 Bxa2
16.Nxa2 Be7 17.Qc3 Bxc5 18.Qxc5 O-O-O 19.Rad1 Qb6 20.Qxb6 axb6 21.Nc3 Kc7
22.Kf1 g4 23.Nd2 Nh5 24.f3 gxf3 25.Nxf3 Nhf4 26.Kf2 f6 27.g3 Ne6 28.Ke3 Ng7
29.b3 Rhf8 30.Rf1 f5 31.Rxd8 Kxd8 32.exf5 Nxf5+ 33.Ke2 Nd6 34.Rd1 Ke7 35.Ke3 Nf5+
36.Ke2 Nd6 37.Rd2 Ke6 38.Rd3 Re8 39.Re3 Nf5 40.Re4 Nd6 41.Rb4 Nc8 42.a5 b5
43.Ne4 Re7 44.c4 Nd6 45.Nxd6 Kxd6 46.cxb5 Kc5 47.Rg4 e4 48.Rxg6 exf3+ 49.Kxf3 Kxb5
50.Rxh6 Kxa5 51.Rh4 b5 52.Re4 Rxe4 53.Kxe4 Kb4 54.g4 c5 55.g5 c4 56.bxc4 bxc4
57.g6 c3 58.Kd3  1-0

[Event "Greenland Open"]
[Site "Qaqortoq GRL"]
[Date "2003.06.30"]
[Round "7"]
[White "Stefansson,H"]
[Black "Wuts,F"]
[Result "1/2-1/2"]
[WhiteElo "2565"]
[BlackElo "2294"]

1.e4 d6 2.d4 Nf6 3.Nc3 c6 4.Be3 Qb6 5.a3 Ng4 6.Bg5 e5 7.Nf3 exd4 8.Nxd4 h6
9.Bh4 g5 10.Bg3 Bg7 11.Nb3 Be5 12.Qd2 Bxg3 13.hxg3 Be6 14.Na4 Qc7 15.Nd4 Nd7
16.O-O-O Ndf6 17.f3 Ne5 18.Nxe6 fxe6 19.Qxd6 Qxd6 20.Rxd6 Ke7 21.Rd2 g4 22.f4 Ned7
23.Bd3 e5 24.Nc3 h5 25.Rf2 exf4 26.gxf4 g3 27.Rf3 h4 28.e5 Ng4 29.Ne4 Raf8
30.Be2 Nh2 31.Rb3 Rxf4 32.Ng5 Nc5 33.Rc3 Ne6 34.Nf3 Nxf3 35.Bxf3 Ng5 36.Bd1 Rd8
37.Rb3 b6 38.Rb4 Rxb4 39.axb4 Rd4 40.c3 Rf4 41.b5 cxb5 42.Kd2 b4 43.Ke3 Re4+
44.Kd3 bxc3 45.bxc3 b5 46.Bb3 a5 47.e6 Rg4 48.Bd5 Kd6 49.Re1 Ke7 50.Ra1 h3
51.gxh3 Nxh3 52.Bf3 Ra4 53.Rb1 g2 54.Bxg2 Nf4+ 55.Kc2 Ra2+ 56.Kc1 Rxg2 57.Rxb5 a4
58.Ra5 Nd3+ 59.Kb1 Nb2 60.Ra6 Re2 61.Ka1 Rc2 62.c4 Nxc4 63.Rxa4 Kxe6 64.Kb1 Rc3
65.Ra8 Kd5 66.Rd8+ Kc5 67.Rc8+ Kb4 68.Rb8+ Ka4 69.Ra8+ Na5 70.Kb2 Rc7 71.Rh8 Rc5
72.Rh4+ Kb5 73.Rf4 Rg5 74.Kc3 Nc6 75.Rh4 Rg3+ 76.Kd2 Kc5 77.Ke2 Nd4+ 78.Kf2 Rf3+
79.Kg2 Ra3 80.Re4 Kd5 81.Re8 Ne6 82.Rb8 Ke4 83.Rb4+ Nd4 84.Rb8 Kf4 85.Rf8+ Nf5
86.Kf1 Ra2 87.Ke1 Ke4 88.Re8+ Kd3 89.Kf1 Ne3+ 90.Kg1 Rg2+ 91.Kh1 Rg7 92.Kh2 Ke2
93.Rf8 Rg5 94.Kh3 Ng2 95.Ra8 Kf3 96.Ra3+  1/2-1/2

[Event "31st World Open"]
[Site "Philadelphia USA"]
[Date "2003.07.01"]
[Round "2"]
[White "Kafka,G"]
[Black "Fayvinov,Z"]
[Result "1/2-1/2"]
[WhiteElo "2103"]
[BlackElo "2273"]

1.e4 d6 2.d4 Nf6 3.Nc3 e5 4.dxe5 dxe5 5.Qxd8+ Kxd8 6.Bg5 Be6 7.O-O-O+ Nd7
8.Nf3 Bd6 9.Bb5 Kc8 10.a3 a6 11.Bxd7+ Nxd7 12.Be3 f6 13.Nd5 Bg4 14.h4 h5
15.Rdg1 b5 16.Nd2 Kb7 17.c4 c6 18.Nc3 Rhd8 19.b4 Be6 20.c5 Bc7 21.Kb2 a5
22.f3 Nf8 23.Rd1 Ng6 24.g3 Nf8 25.Nb3 Bc4 26.Rh2 axb4 27.axb4 Rxd1 28.Nxd1 Ra4
29.Bd2 Ne6 30.Rf2 Nd4 31.Nc1 g5 32.Ne3 Be6 33.Nc2 Nxc2 34.Kxc2 gxh4 35.gxh4 Ra8
36.Rg2 Rg8 37.Rxg8 Bxg8 38.Kd3  1/2-1/2

[Event "31st World Open"]
[Site "Philadelphia USA"]
[Date "2003.07.01"]
[Round "2"]
[White "Langer,M"]
[Black "Georgiev,Vl"]
[Result "0-1"]
[WhiteElo "2253"]
[BlackElo "2552"]

1.e4 d6 2.d4 Nf6 3.Nc3 e5 4.dxe5 dxe5 5.Qxd8+ Kxd8 6.Bg5 c6 7.Bc4 Ke8 8.O-O-O Nfd7
9.a4 a5 10.Nge2 f6 11.Be3 Bc5 12.Rd3 Bxe3+ 13.Rxe3 Nb6 14.Ba2 Na6 15.f4 Nc5
16.fxe5 fxe5 17.Rf1 Be6 18.Bxe6 Nxe6 19.Ref3 Rd8 20.b3 Nd7 21.Nd1 g6 22.Ne3 Ng5
23.Rg3 Nxe4 24.Rgf3 Nd6 25.Ng4 e4 26.Re3 Rf8 27.Rf4 Rxf4 28.Nxf4 Kf7 29.h4 Re8
30.Nf2 Nf6 31.c4 Nf5 32.Re2 Nxh4 33.g3 Nf5 34.g4 e3 35.N2h3 Nxg4 36.Ng5+ Kg7
37.Nge6+ Kf6  0-1

[Event "4th Open"]
[Site "Marseille FRA"]
[Date "2003.07.02"]
[Round "6"]
[White "Boudre,JP"]
[Black "Badea,B"]
[Result "1/2-1/2"]
[WhiteElo "2414"]
[BlackElo "2501"]

1.e4 d6 2.d4 Nf6 3.Nc3 e5 4.Nf3 Nbd7 5.Bc4 Be7 6.O-O O-O 7.Re1 c6 8.a4 b6
9.b3 a6 10.Bb2 Bb7 11.Bd3 Re8 12.Ne2 Bf8 13.Ng3 g6 14.Qd2 Bg7 15.Rad1 b5
16.axb5 axb5 17.Ra1 Rxa1 18.Bxa1 Qc7 19.h3 h6 20.Bc3 Nf8 21.Qc1 N6d7 22.Bd2 Kh7
23.c3 b4 24.dxe5 bxc3 25.Bxc3 dxe5 26.Bc4 Ne6 27.Qb2 Kg8 28.Rd1 c5 29.Bxe6 Rxe6
30.Nd2 h5 31.f3 Nb8 32.Nc4 Nc6 33.Nf1 Nd4 34.Nfe3 Ra6 35.Kh1 Qd7 36.b4 cxb4
37.Qxb4 f6 38.Qb2 Bc6 39.Bxd4 exd4 40.Qxd4 Qxd4 41.Rxd4 Ra1+ 42.Rd1 Rxd1+
43.Nxd1 h4 44.Kg1 Bf8  1/2-1/2

[Event "WJun Girls"]
[Site "Nakhchivan AZE"]
[Date "2003.07.02"]
[Round "10"]
[White "Morales Mendoza,L"]
[Black "Shukurova,M"]
[Result "0-1"]
[WhiteElo "2051"]
[BlackElo "2250"]

1.e4 d6 2.d4 Nf6 3.Nc3 e5 4.dxe5 dxe5 5.Qxd8+ Kxd8 6.Bc4 Be6 7.Bxe6 fxe6
8.Nf3 Bd6 9.Be3 Ke7 10.O-O-O Nc6 11.Nd2 Ng4 12.Bg5+ Kd7 13.Rdf1 h6 14.Bh4 g5
15.Bg3 Nf6 16.f3 Raf8 17.Nc4 Nh5 18.Rd1 Nxg3 19.hxg3 Ke7 20.Nxd6 cxd6 21.Nb5 Rd8
22.Rh5 a6 23.Nc3 Kf6 24.Rdh1 Kg6 25.Nd1 Nd4 26.Kd2 d5 27.c3 Nb5 28.exd5 exd5
29.Nf2 Nd6 30.Ng4 Nf7 31.a4 b5 32.a5 d4 33.b4 Rd5 34.R5h2 dxc3+ 35.Kxc3 Rc8+
36.Kb3 Rd3+ 37.Kb2 Rd2+ 38.Kb3 Rdc2 39.Nxe5+ Kg7  0-1

[Event "6th Open Vins du Mer"]
[Site "Naujac sur Mer FRA"]
[Date "2003.07.02"]
[Round "5"]
[White "Landre,T"]
[Black "Capron,D"]
[Result "0-1"]
[WhiteElo "1987"]
[BlackElo "2181"]

1.e4 d6 2.d4 Nf6 3.Nc3 Nbd7 4.Bc4 e5 5.f4 c6 6.a4 exd4 7.Qxd4 d5 8.exd5 Bc5
9.Qd3 O-O 10.dxc6 bxc6 11.Nge2 Qe7 12.a5 Rd8 13.Qf3 Nf8 14.Bd3 Bg4 15.Qf1 Nd5
16.Nxd5 Rxd5 17.h3 Bf5 18.Bxf5 Rxf5 19.c3 Rd8 20.b4 Rfd5 21.Ba3 Be3 22.Qf3 Rd3
23.Qh5 Ng6 24.g3 Qe4 25.Rh2 Bg1  0-1

[Event "11th Fair Play Trophy"]
[Site "Techirghiol ROM"]
[Date "2003.07.02"]
[Round "2"]
[White "Chiricuta,M"]
[Black "Kostic,Ne"]
[Result "0-1"]
[WhiteElo "2216"]
[BlackElo "2334"]

1.e4 d6 2.d4 Nf6 3.Nc3 c6 4.f4 Qa5 5.Bd3 Bg4 6.Nf3 e5 7.dxe5 dxe5 8.h3 Bxf3
9.Qxf3 Nbd7 10.O-O Bd6 11.f5 h5 12.a3 h4 13.Kh2 Qc7 14.Ne2 b5 15.c4 b4 16.axb4 Bxb4
17.Be3 a5 18.Qf2 Qd6 19.Bc2 Bc5 20.Rad1 Bxe3 21.Rxd6 Bxf2 22.Rxf2 Nc5 23.Rxc6 Nfxe4
24.Rf3 Kd7 25.Rb6 Nd6 26.b4 axb4 27.Rxb4 Ra2 28.Rc3 Rha8 29.Nc1 R2a3 30.Nb3 Nxb3
31.Bxb3 Kc7 32.f6 gxf6 33.Rf3 Ne4 34.c5 Nxc5 35.Bxf7 Rxf3 36.gxf3 Ra4 37.Rxa4 Nxa4
38.Kg2 Kd6 39.Kf2 f5 40.Ke3 Nb6 41.Kf2 Nd5 42.Kg1 Nf4 43.Kh2 Ne6 44.Be8 Ke7
45.Ba4 Kf6 46.Kg2 Kg5 47.Bb5 Nd4 48.Ba6 Kf4 49.Bb7 Ke3 50.Bd5 Nc2 51.Be6 f4  0-1

[Event "2nd Open"]
[Site "La Fere FRA"]
[Date "2003.07.03"]
[Round "8"]
[White "Michiels,B"]
[Black "Belkhodja,S"]
[Result "1-0"]
[WhiteElo "2302"]
[BlackElo "2443"]

1.e4 d6 2.d4 Nf6 3.Nc3 Nbd7 4.g4 h6 5.h3 e5 6.Nge2 c6 7.Bg2 b5 8.a3 Bb7 9.O-O a5
10.Ng3 h5 11.g5 h4 12.Nf5 Nh5 13.d5 Nb6 14.Qe2 Qd7 15.dxc6 Bxc6 16.g6 b4
17.gxf7+ Kxf7 18.axb4 axb4 19.Rxa8 Bxa8 20.Nb5 Bc6 21.c4 Qe6 22.f4 Kg8 23.b3 Bxb5
24.cxb5 Nxf4 25.Bxf4 exf4 26.Qf2 Nd7 27.b6 g6 28.Nd4 Qf6 29.b7 Bg7 30.Nc6 Rh5
31.e5 Rxe5 32.Nxe5  1-0

[Event "11th Fair Play Trophy"]
[Site "Techirghiol ROM"]
[Date "2003.07.04"]
[Round "4"]
[White "Manescu,T"]
[Black "Kostic,Ne"]
[Result "1/2-1/2"]
[WhiteElo "2354"]
[BlackElo "2334"]

1.e4 d6 2.d4 Nf6 3.Nc3 e5 4.Nf3 Nbd7 5.Bc4 Be7 6.O-O O-O 7.Re1 c6 8.a4 b6
9.b3 Bb7 10.Bb2 a6 11.Qd2 Qc7 12.Bd3 Rfe8 13.Ne2 Bf8 14.Ng3 g6 15.c4 a5 16.Rad1 Rad8
17.Qc2 Bg7 18.h3 Nf8 19.c5 N6d7 20.cxd6 Qxd6 21.dxe5 Nxe5 22.Bxe5 Bxe5 23.Ba6 Qc7
24.Rxd8 Rxd8 25.Bxb7 Bxg3 26.Qxc6 Qxc6 27.Bxc6 Bd6 28.Bd5 Kg7 29.Rc1 Bc5
30.Ne5 f5 31.Nd3 fxe4 32.Nxc5 Rxd5 33.Nxe4 Kf7 34.Rc6 Nd7 35.Nd6+ Kf8 36.Nc4 b5
37.axb5 Rxb5 38.Ra6 Rxb3 39.Rxa5 Rc3 40.Ne3 Rc7 41.g3 Nf6 42.Kg2 Kg7 43.f4 h5
44.Kf3 Rb7 45.Ra3 Rd7 46.h4 Rb7 47.f5 gxf5 48.Nxf5+ Kg6 49.Ne3 Rb5 50.Ng2 Kf5  1/2-1/2

[Event "25th Open"]
[Site "Oberwart AUT"]
[Date "2003.07.06"]
[Round "2"]
[White "Neubauer,M"]
[Black "Wegerer,F"]
[Result "1-0"]
[WhiteElo "2417"]
[BlackElo "2226"]

1.e4 d6 2.d4 Nf6 3.Nc3 e5 4.Nf3 Nbd7 5.Bc4 Be7 6.O-O O-O 7.Re1 c6 8.a4 b6
9.d5 c5 10.a5 bxa5 11.Nd2 Nb6 12.Bb5 Rb8 13.Nb3 a6 14.Bf1 a4 15.Na5 Ra8 16.Nc6 Qc7
17.Nxa4 Nxa4 18.Rxa4 Ne8 19.b3 g6 20.Bh6 Ng7 21.Qa1 f5 22.Bxa6 Bxa6 23.Rxa6 Rxa6
24.Qxa6 fxe4 25.Bxg7 Kxg7 26.Rxe4 Bg5 27.Ra4 Kh6 28.Qd3 Qc8 29.f3 Rf4 30.g3 Rf7
31.Kg2 Kg7 32.Ra7 Rxa7 33.Nxa7 Qa8 34.Nb5 Qb8 35.Qc4 h5 36.Qa4 Kh6 37.Qa6 Be7
38.Qc6 h4 39.Qd7 hxg3 40.hxg3 Bf8 41.Kh3 Qa8 42.Qf7 Bg7 43.Nxd6 Qa1 44.Kg2 Qd1
45.Ne4 Qe2+ 46.Nf2 Qxc2 47.d6 e4 48.Qf4+ Kh7 49.Qxe4 Bd4 50.Qe7+ Kh6 51.Qh4+ Kg7
52.Qe7+ Kh6 53.Qe1 Kg7 54.d7 Bf6 55.Qe6 Qd2 56.Kh3 Qxf2 57.Qxf6+ Kxf6 58.d8=Q+ Ke6
59.Qg8+ Kf6 60.Qd8+ Ke6 61.Qf8 Qc2 62.Kg4 Qh2 63.Qxc5 Kf6 64.b4 Qa2 65.Qd6+ Kf7
66.Kg5 Qb1 67.Qf6+  1-0

[Event "11th Fair Play Trophy"]
[Site "Techirghiol ROM"]
[Date "2003.07.06"]
[Round "6"]
[White "Burnoiu,C"]
[Black "Kostic,Ne"]
[Result "1-0"]
[WhiteElo "2180"]
[BlackElo "2334"]

1.e4 d6 2.d4 Nf6 3.Nc3 c6 4.f4 Qa5 5.Bd3 Bg4 6.Nf3 e5 7.dxe5 dxe5 8.f5 Nbd7
9.Bd2 Qc7 10.h3 Bxf3 11.Qxf3 b5 12.O-O-O O-O-O 13.Kb1 h5 14.Ne2 Nc5 15.Nc1 h4
16.Nb3 Nxb3 17.cxb3 Kb7 18.Bg5 Bc5 19.Rc1 Qd6 20.Rhd1 Bd4 21.Qe2 Qb4 22.Rc2 Rc8
23.Rdc1 a6 24.Rd2 Nd7 25.Be3 Qd6 26.a3 Bxe3 27.Qxe3 Qe7 28.b4 Rhd8 29.Bc2 Nb6
30.Bb3 Rxd2 31.Qxd2 Rd8 32.Qc3 Rd6 33.Qc5 Nd7 34.Qf2 Rd4 35.Ka2 Nb8 36.Re1 Nd7
37.Rc1 Qg5 38.Qc2 Nb8 39.Bxf7 Rd2 40.Qc3 Rxg2 41.Rd1 Qe7 42.Be6 Qc7 43.Qc5 Rg3
44.Qf8 Rxh3 45.Rd8 Ka8 46.f6 Rg3 47.f7 Rf3 48.Bf5  1-0

[Event "32nd TCh-GRE"]
[Site "Kallithea Chalkidiki GRE"]
[Date "2003.07.07"]
[Round "4"]
[White "Diatsintos,A"]
[Black "Koukoufikis,G"]
[Result "1-0"]
[WhiteElo "2056"]
[BlackElo "2137"]

1.e4 d6 2.d4 Nf6 3.Nc3 c6 4.a4 Qa5 5.Bd2 Qb6 6.Nge2 a5 7.h3 e5 8.Be3 Qc7
9.g4 g6 10.Ng3 h5 11.g5 Nfd7 12.Bc4 Bg7 13.f4 Nb6 14.Bb3 Be6 15.d5 Bd7 16.f5 h4
17.f6 Bxf6 18.Qf3 Be7 19.dxc6 Be6 20.Nd5 Bxd5 21.Bxb6 Qxb6 22.Bxd5 hxg3 23.cxb7 Ra7
24.Ra3 Qf2+ 25.Qxf2 gxf2+ 26.Kxf2 Kd7 27.Rf3 Rf8 28.h4 f6 29.Ke3 Na6 30.Rhf1 Rh8
31.gxf6 Bf8 32.Rg1 Rh6 33.Rgg3 Rxh4 34.Rxg6 Nb8 35.Rg7+ Kd8 36.Rg8 Rf4 37.Rxf8+  1-0

[Event "25th Open"]
[Site "Oberwart AUT"]
[Date "2003.07.07"]
[Round "3"]
[White "Tischbierek,R"]
[Black "Wiater,G"]
[Result "1-0"]
[WhiteElo "2522"]
[BlackElo "2000"]

1.e4 d6 2.d4 c6 3.Nc3 Nf6 4.f4 e6 5.Nf3 Be7 6.Bd3 Qc7 7.O-O Nbd7 8.e5 Nd5
9.Ne4 dxe5 10.fxe5 h6 11.c4 Nb4 12.Bb1 c5 13.a3 cxd4 14.axb4 Nxe5 15.Nxe5 Qxe5
16.Bf4  1-0

[Event "1st Stage Russian Cup"]
[Site "Tomsk RUS"]
[Date "2003.07.07"]
[Round "4"]
[White "Guempel,V"]
[Black "Ivanov,T"]
[Result "0-1"]
[WhiteElo "2343"]
[BlackElo "2454"]

1.e4 d6 2.d4 Nf6 3.Nc3 e5 4.Nf3 Nbd7 5.Bc4 Be7 6.O-O O-O 7.Qe2 c6 8.a4 exd4
9.Nxd4 Re8 10.Ba2 Bf8 11.Qf3 Ne5 12.Qg3 Qb6 13.Bg5 Qxd4 14.Bxf6 Be6 15.Bg5 Bxa2
16.Rxa2 a5 17.Bc1 Re6 18.Qe3 Qxe3 19.Bxe3 Rae8 20.b3 Nd7 21.Bd2 g6 22.Raa1 Bg7
23.Rad1 Bd4 24.Rfe1 Nf6 25.Kf1 Bc5 26.f3 Bb4 27.Nb1 d5 28.Bxb4 axb4 29.exd5 Nxd5
30.Rxe6 Rxe6 31.Kf2 Kf8 32.Nd2 Ne3 33.Rc1 Nxg2 34.Kxg2 Re2+ 35.Kg3 Rxd2 36.c3 bxc3
37.Rxc3 Ke7 38.Rc4 Kd6 39.Rb4 Kc7 40.Re4 h5 41.h4 c5 42.Kf4 Rd4 43.Kg5 Rd5+
44.Kh6 Rf5 45.f4 Kd6 46.Kg7 b6 47.Kf8 Kd5  0-1

[Event "ch-BEL"]
[Site "Eupen BEL"]
[Date "2003.07.08"]
[Round "4"]
[White "Marechal,A"]
[Black "Hautot,S"]
[Result "1-0"]
[WhiteElo "2256"]
[BlackElo "2317"]

1.e4 d6 2.d4 Nf6 3.Nc3 e5 4.h3 c6 5.Be3 Be7 6.Nge2 O-O 7.g4 d5 8.dxe5 Nxe4
9.Nxe4 dxe4 10.Qxd8 Bxd8 11.Bg2 Bc7 12.Bxe4 Bxe5 13.O-O-O Nd7 14.Rhe1 Nb6
15.Bd4 Bc7 16.Ng3 Bxg3 17.fxg3 Be6 18.b3 Rfe8 19.c4 Nd7 20.Kc2 Nf8 21.a4 h6
22.a5 a6 23.Bf5 Rad8 24.Kc3 Rd7 25.Bb6 Rxd1 26.Rxd1 Ng6 27.Bxe6 fxe6 28.Rd7 Re7
29.Rxe7 Nxe7 30.Kd4 Kf7 31.Ke5 c5 32.Kd6 Nc6 33.Kxc5 Ke7 34.b4 Ne5 35.Kd4 Nd7
36.Bc7 Nf6 37.Be5 Kd7 38.b5 Kc8 39.h4 Nxg4 40.Bxg7 Kd7 41.Be5 h5 42.Bf4 Nf6
43.Kc5 axb5 44.cxb5  1-0

[Event "1st Stage Russian Cup"]
[Site "Tomsk RUS"]
[Date "2003.07.08"]
[Round "5"]
[White "Zavalishin,M"]
[Black "Demakov,P"]
[Result "0-1"]
[WhiteElo "2162"]
[BlackElo "2196"]

1.e4 d6 2.d4 Nf6 3.Nc3 e5 4.Nf3 Nbd7 5.Bc4 Be7 6.O-O O-O 7.h3 c6 8.a4 Qc7
9.Bb3 h6 10.Be3 Re8 11.Re1 Nf8 12.Qd2 Be6 13.d5 Bd7 14.Rad1 Ng6 15.dxc6 bxc6
16.Bxh6 gxh6 17.Qxh6 Nf8 18.Qg5+ Kh8 19.Bxf7 N8h7 20.Qh6 Bf8 21.Qh4 Re7 22.Ng5 Bc8
23.Bb3 Rg7 24.Nf3 Be7 25.Kh1 Ng4 26.Qh5 Nxf2+ 27.Kh2 Nxd1 28.Nxd1 Bd7 29.h4 Rf8
30.Ne3 Be8 31.Qh6 Rg6  0-1

[Event "Junior Open"]
[Site "Saint Lo FRA"]
[Date "2003.07.09"]
[Round "1"]
[White "Platel,A"]
[Black "Le Montagner,Y"]
[Result "1/2-1/2"]
[WhiteElo "2117"]
[BlackElo "1969"]

1.e4 d6 2.d4 Nf6 3.Nc3 c6 4.f4 Qa5 5.Bd3 e5 6.dxe5 dxe5 7.fxe5 Ng4 8.Bf4 Bc5
9.Nh3 Bd4 10.Qd2 Nxe5 11.Ng5 Ng6 12.Bd6 Bf6 13.Nf3 Nd7 14.O-O Nde5 15.Rad1 Nxf3+
16.gxf3 Bh3 17.Rfe1 Nh4 18.Kf2 Qb6+ 19.Kg3 Be6 20.e5 Bd8 21.Na4 Qa5 22.Qxa5 Bxa5
23.Kxh4 Bxe1+ 24.Rxe1 b6 25.f4 g5+ 26.fxg5 h6 27.g6 Rg8 28.Rg1 fxg6 29.Bxg6+ Kd7
30.Kh5 Bf7 31.Kxh6 Rxg6+ 32.Rxg6 Bxg6 33.Kxg6 Rh8 34.Nc3 Rxh2 35.Ne4 Rh1
36.Kf7 Rh7+ 37.Kg6 Rh4 38.Ng5 Rh2 39.Bf8 Ke8 40.Bg7 Rxc2 41.e6 a5 42.Bf6 Re2
43.Kf5 Rf2+ 44.Ke5 Rxb2 45.Ne4 Re2 46.Kd4 Kf8 47.Bd8 b5 48.e7+ Ke8 49.Nf6+ Kf7
50.e8=Q+ Rxe8 51.Nxe8 Kxe8 52.Bxa5 Kd7 53.Kc5 Kc8 54.Kxc6 Kb8 55.Kb6 b4 56.Ka6 Ka8
57.Bb6 Kb8 58.Bc5 Ka8 59.Bb6 Kb8 60.Ba7+ Ka8  1/2-1/2

[Event "Masters"]
[Site "Saint Lo FRA"]
[Date "2003.07.09"]
[Round "1"]
[White "Le Roux,JP"]
[Black "Milliet,S"]
[Result "1-0"]
[WhiteElo "2442"]
[BlackElo "2275"]

1.e4 d6 2.d4 Nf6 3.Nc3 Nbd7 4.Be3 e5 5.Qd2 c6 6.O-O-O Be7 7.f3 O-O 8.Nge2 b5
9.g4 Qa5 10.Ng3 Nb6 11.g5 Ne8 12.Nf5 Bxf5 13.exf5 b4 14.Nb1 exd4 15.Qxd4 Qxf5
16.h4 d5 17.Bh3 Qxf3 18.Nd2 Qe2 19.Bf1 Qh5 20.Re1 c5 21.Qf4 Qg6 22.Bf2 Bd6
23.Qf3 f5 24.Rg1 Qf7 25.h5 Qd7 26.Bg2 Nc7 27.h6 g6 28.Nb3 Na4 29.Rd1 Qc6
30.Na5 Qb5 31.Rxd5 Nxd5 32.Qxd5+ Kh8 33.Bd4+ cxd4 34.Qxb5 Bf4+ 35.Kb1 Nb6
36.Bxa8 Rxa8 37.Re1  1-0

[Event "13th S&WYM"]
[Site "Millfield School ENG"]
[Date "2003.07.10"]
[Round "2"]
[White "Antal,Ge"]
[Black "Prokopchuk,E"]
[Result "0-1"]
[WhiteElo "2475"]
[BlackElo "2504"]

1.e4 d6 2.d4 Nf6 3.Nc3 e5 4.dxe5 dxe5 5.Qxd8+ Kxd8 6.Bc4 Be6 7.Bxe6 fxe6
8.Be3 Nc6 9.O-O-O+ Bd6 10.f3 Ke7 11.Nh3 a6 12.a3 h6 13.Nf2 Nh5 14.Nd3 Rhb8
15.Ne2 b5 16.Kb1 Rf8 17.Ka2 Nf4 18.Bxf4 exf4 19.Rc1 Rab8 20.b4 a5 21.c3 Ra8
22.Kb3 e5 23.c4 axb4 24.axb4 Nxb4 25.Nxb4 bxc4+ 26.Rxc4 Rfb8 27.Rhc1 Ke6
28.Nc3 c5 29.Nd5 Ra5 30.Kb2 cxb4 31.Rc8 Rb7 32.Re8+ Kf7 33.Rd8 Bc5 34.Kb3 Be3
35.Kc4 Bd4 36.Rb1 b3 37.Nb4 Rc7+ 38.Kd3 b2 39.Rd6 Rc1 40.Rd7+ Kg6  0-1

[Event "Junior Open"]
[Site "Saint Lo FRA"]
[Date "2003.07.10"]
[Round "2"]
[White "Huang,H"]
[Black "Besson,B"]
[Result "0-1"]
[WhiteElo "2082"]
[BlackElo "2196"]

1.e4 d6 2.d4 Nf6 3.Nc3 Nbd7 4.Be3 e5 5.f3 c6 6.Qd2 Be7 7.O-O-O Qc7 8.g4 h6
9.Nge2 b5 10.Ng3 b4 11.Nce2 Qa5 12.Kb1 Nb6 13.Nc1 exd4 14.Bxd4 O-O 15.Nf5 Bxf5
16.gxf5 c5 17.Be3 Kh7 18.Bd3 Rfc8 19.c4 bxc3 20.Qxc3 Qxc3 21.bxc3 Na4 22.Ne2 Rab8+
23.Ka1 Kg8 24.Rb1 Nd7 25.Ba6 Rd8 26.Bb5 Nab6 27.Rhd1 Ne5 28.Rf1 Nec4 29.Bc1 Bf6
30.Rb3 Na5 31.Ra3 Nbc4 32.Bxc4 Nxc4 33.Ra4 Rb4 34.Rxa7 Rdb8 35.Ba3 R4b6 36.f4 Nd2  0-1

[Event "1st Stage Russian Cup"]
[Site "Tomsk RUS"]
[Date "2003.07.10"]
[Round "7"]
[White "Tregubov,Al"]
[Black "Ivanov,T"]
[Result "1-0"]
[WhiteElo "2354"]
[BlackElo "2454"]

1.e4 d6 2.d4 Nf6 3.Nc3 Nbd7 4.g3 e5 5.Nge2 g6 6.Bg2 Bg7 7.O-O O-O 8.h3 exd4
9.Nxd4 Re8 10.Re1 Nc5 11.a4 a5 12.Ndb5 Bd7 13.f3 Bc6 14.Be3 b6 15.Qd2 Qc8
16.Kh2 h5 17.b3 Na6 18.Bd4 Nb4 19.Rad1 Qb7 20.g4 hxg4 21.hxg4 Rad8 22.Re2 Qb8
23.Qf4 Re6 24.Kg1 Bb7 25.Bf2 Rde8 26.Qh2 c6 27.Nd4 R6e7 28.Bh4 Rd7 29.Bh3 Nh7
30.g5 Rdd8 31.f4 Qc7 32.Bg4 Qe7 33.Nf5 gxf5 34.exf5 Qd7 35.Qh3 Rxe2 36.f6 Qe8
37.Nxe2 Bc8 38.Bxc8 Rxc8 39.fxg7 Rb8 40.Nd4 Qe4 41.c3 Nd5 42.Qf3 Qxf3 43.Nxf3 Nxf4
44.Rxd6 Ne2+ 45.Kf2 Nxc3 46.Rxc6 Ne4+ 47.Ke3 Re8 48.Kf4 Kxg7 49.Rxb6  1-0

[Event "18th North Sea Cup B"]
[Site "Esbjerg DEN"]
[Date "2003.07.11"]
[Round "8"]
[White "Hunt,H"]
[Black "Kasparov,S"]
[Result "1/2-1/2"]
[WhiteElo "2402"]
[BlackElo "2482"]

1.e4 d6 2.d4 Nf6 3.Nc3 e5 4.Nf3 Nbd7 5.Bc4 Be7 6.O-O O-O 7.Re1 c6 8.a4 b6
9.Ba2 a6 10.Bg5 Rb8 11.Qe2 h6 12.Bh4 Nh5 13.Bxe7 Qxe7 14.g3 Kh7 15.d5 c5
16.Bc4 Ra8 17.Nd1 g6 18.Nd2 Ng7 19.Kh1 Bb7 20.Rb1 f5 21.f3 f4 22.g4 Rfb8
23.Nc3 Ne8 24.b4 Qd8 25.Rb2 Bc8 26.Reb1 Qc7 27.b5 a5 28.Rg1 Qd8 29.Qf2 g5
30.Kg2 Nf8 31.Kf1 Ng6 32.Ke2 Nf6 33.Na2 Kg7 34.Nc1 Bd7 35.Nd3 Qe7  1/2-1/2

[Event "11th Fair Play Trophy"]
[Site "Techirghiol ROM"]
[Date "2003.07.11"]
[Round "11"]
[White "Nemeth,F"]
[Black "Kostic,Ne"]
[Result "1/2-1/2"]
[WhiteElo "2284"]
[BlackElo "2334"]

1.e4 d6 2.d4 Nf6 3.Nc3 c6 4.f4 Qa5 5.Bd3 e5 6.Nf3 Bg4 7.Be3 Nbd7 8.O-O Be7
9.h3 Bxf3 10.Qxf3 O-O  1/2-1/2

[Event "1st Stage Russian Cup"]
[Site "Tomsk RUS"]
[Date "2003.07.11"]
[Round "8"]
[White "Nevostrujev,V"]
[Black "Zablotsky,S"]
[Result "1-0"]
[WhiteElo "2510"]
[BlackElo "2410"]

1.e4 d6 2.d4 Nf6 3.Nc3 e5 4.dxe5 dxe5 5.Qxd8+ Kxd8 6.Bg5 Nd7 7.O-O-O Bd6
8.Nf3 Ke8 9.Nb5 a6 10.Nxd6+ cxd6 11.Nd2 b5 12.a4 Bb7 13.f3 Bc6 14.Nb3 Ke7
15.Na5 Nb8 16.Be3 bxa4 17.Nc4 Nbd7 18.Nxd6 Rhb8 19.Bc4 Ne8 20.Nxf7 h6 21.Rd2 Rb4
22.Rxd7+ Kxd7 23.Nxe5+ Kd6 24.Bf4 Kc5 25.Ba2 Bxe4 26.fxe4 Rxe4 27.Bg3 Nf6
28.Rd1 Re2 29.Bf2+ Kb4 30.Nc6+  1-0

[Event "1st Stage Russian Cup"]
[Site "Tomsk RUS"]
[Date "2003.07.11"]
[Round "8"]
[White "Mikhel,V"]
[Black "Pridorozhni,A"]
[Result "0-1"]
[WhiteElo "2303"]
[BlackElo "2485"]

1.e4 d6 2.d4 Nf6 3.Nc3 e5 4.Nf3 Nbd7 5.Bc4 Be7 6.O-O O-O 7.Re1 exd4 8.Nxd4 Nb6
9.Bf1 c5 10.Nf5 Bxf5 11.exf5 d5 12.Qf3 Qd7 13.Bg5 d4 14.Rad1 Rad8 15.Ne2 Rfe8
16.Ng3 Qc6 17.Qxc6 bxc6 18.Be2 Nfd5 19.Bxe7 Rxe7 20.Bf3 Rxe1+ 21.Rxe1 Nb4
22.Be4 Nc4 23.b3 Na3 24.Rc1 Nb5 25.a4 Nc3 26.f3 Kf8 27.f6 g6 28.Kf1 Rd6 29.Bd3 Rxf6
30.Ne4 Nxe4 31.Bxe4 Re6 32.g4 Ke7 33.Kf2 Kd6 34.Kg3 h6 35.h4 Kc7 36.h5 g5
37.a5 Kb7 38.Bd3 Re3 39.Be4 Ka6 40.Ra1 Kb5 41.Kf2 Rc3 42.Rd1 Nxc2 43.Bd3+ Kb4
44.Ke2 Ne3  0-1

[Event "Open"]
[Site "Ikaros GRE"]
[Date "2003.07.12"]
[Round "1"]
[White "Sebag,M"]
[Black "Iliopoulos,A"]
[Result "0-1"]
[WhiteElo "2432"]
[BlackElo "2045"]

1.e4 d6 2.d4 Nf6 3.Nc3 c6 4.Nf3 Bg4 5.Be2 e6 6.O-O d5 7.Bg5 Be7 8.e5 Nfd7
9.Bxe7 Qxe7 10.Nd2 Bxe2 11.Nxe2 c5 12.c4 dxc4 13.Nxc4 O-O 14.d5 exd5 15.Qxd5 Nc6
16.f4 Nb6 17.Nxb6 axb6 18.Qb3 Rfd8 19.Qxb6 Rd2 20.Nc3 Ra6 21.Qb5 Nd4 22.Qc4 Rg6
23.Rf2 Rxf2 24.Kxf2 Qh4+ 25.Ke3 Nc2+ 26.Kd3 Nxa1 27.Qxc5 Qd8+ 28.Nd5 Rxg2
29.Qd4 Qa5 30.b4 Qa6+ 31.Ke4 f5+  0-1

[Event "13th S&WYM"]
[Site "Millfield School ENG"]
[Date "2003.07.12"]
[Round "4"]
[White "Hanley,C"]
[Black "Prokopchuk,E"]
[Result "1/2-1/2"]
[WhiteElo "2387"]
[BlackElo "2504"]

1.e4 d6 2.d4 Nf6 3.Nc3 e5 4.Nf3 Nbd7 5.Bc4 Be7 6.O-O O-O 7.Re1 c6 8.a4 a5
9.h3 exd4 10.Qxd4 Nc5 11.Bf4 Ne6 12.Bxe6 Bxe6 13.Rad1 Ne8 14.Nd2 Bf6 15.Qd3 Qb6
16.b3 Rd8 17.Ne2 d5 18.Qg3 Be7 19.exd5 Rxd5 20.Nc4 Rxd1 21.Rxd1 Qc5 22.Ne3 Nf6
23.Bd6 Bxd6 24.Qxd6 Qxd6  1/2-1/2

[Event "Open"]
[Site "Montpellier FRA"]
[Date "2003.07.12"]
[Round "6"]
[White "Riff,JN"]
[Black "Bratanov,Z"]
[Result "1-0"]
[WhiteElo "2331"]
[BlackElo "2396"]

1.e4 d6 2.d4 Nf6 3.Nc3 e5 4.Nf3 Nbd7 5.Bc4 Be7 6.O-O O-O 7.a4 a5 8.Qe2 c6
9.Bg5 Re8 10.dxe5 Nxe5 11.Nxe5 dxe5 12.h3 h6 13.Be3 Bb4 14.Rad1 Qe7 15.Qf3 Be6
16.Bxe6 Qxe6 17.Rd3 Red8 18.Rfd1 Rxd3 19.Rxd3 Kh7 20.Bd2 Nd7 21.Be3 Nf6 22.Bd2 Rf8
23.b3 Nd7 24.Ne2 Nc5 25.Bxb4 axb4 26.Rd2 f5 27.exf5 Qxf5 28.Qe3 Ne6 29.Ng3 Qf4
30.Rd7 Nd4 31.Rxg7+ Kh8 32.Rxb7 Qxe3 33.fxe3 Nxc2 34.Ne4 Nxe3 35.a5 Rf1+
36.Kh2 Ra1 37.Nf6 Nf1+ 38.Kg1 Nd2+ 39.Kf2 Rf1+ 40.Ke2 Rxf6 41.a6 Nxb3 42.a7  1-0

[Event "25th Open"]
[Site "Oberwart AUT"]
[Date "2003.07.12"]
[Round "8"]
[White "Brkic,A"]
[Black "Wukits,R"]
[Result "1/2-1/2"]
[WhiteElo "2419"]
[BlackElo "2288"]

1.e4 d6 2.Nc3 Nf6 3.d4 e5 4.Nge2 Be7 5.f3 c6 6.Be3 O-O 7.Qd2 b5 8.g4 Nbd7
9.Ng3 exd4 10.Bxd4 Ne5 11.Be2 Re8 12.g5 Nfd7 13.f4 Nc4 14.Bxc4 bxc4 15.Nf5 Bf8
16.O-O-O Nb6 17.Ne3 d5 18.Qg2 Qc7 19.exd5 Qxf4 20.Rhf1 Qh4 21.Qf3 Bh3 22.Qxf7+ Kh8
23.Rf4 Qxg5 24.Ne4 Qg6 25.Qxg6 hxg6 26.dxc6 Bf5 27.Nxf5 gxf5 28.Ng5 Rac8
29.Rxf5 Rxc6 30.Rdf1 Kg8 31.Nf7 g6 32.R5f3 Rce6 33.Kd1 Nd5 34.Ng5 Ne3+ 35.Bxe3 Rxe3
36.Rxe3 Rxe3 37.Re1 Rxe1+ 38.Kxe1 Bg7 39.c3 Bh6 40.Nf3 Bc1 41.Ne5 Bxb2 42.Kd2 Ba3
43.Nxg6 Bd6 44.Ke3 Bxh2 45.Kd4 Kf7 46.Ne5+ Ke6 47.Nc6 Kd6 48.Na5 Bg1+ 49.Kxc4 Bf2
50.Nb3 Ke6 51.Nd4+ Kd6 52.a4 a6 53.Nc2 Kc6 54.Na1 Bg1 55.Nb3 Bf2 56.Nc1 Bg1
57.Nd3 Be3 58.Nb4+ Kb7 59.Nd5 Bf2 60.Nb4 Be1 61.Nc2 Bd2 62.Nd4 Kb6 63.Nb3 Be3
64.Kd5 Bf2 65.c4 Bg1 66.c5+ Kc7 67.Nd4 Bh2 68.Nc2 Bg3 69.Nb4 Kb7 70.Nd3 Kc7
71.Ne5 Bh2 72.Ng6 Bg3 73.Nf8 Bh2 74.Ne6+ Kb7 75.Nd4 Kc7 76.Nc6 Bg3 77.Nd4 Bh4
78.Ne2 Kb7 79.Nc1 Kc7 80.Nd3 Bg3 81.Nb2 Bh2 82.Nc4 Bg3 83.Ne5 Bh2 84.Nc4 Bg3
85.Ne5 Bh2 86.Nf3 Bg3 87.Nd4 Bh2 88.Ne6+ Kb7 89.c6+ Kb6 90.Nc5 Bg3 91.Nb3 Ka7
92.Nd4 Bh2 93.Ne2 Kb6 94.Nd4 Kc7 95.a5 Bg3 96.Nc2 Bh2 97.Nd4  1/2-1/2